00451nam a2200133Ia 4500008004100000041000800041100000900049245003400058260001600092365001800108906000700126999001700133952016700150240703s9999 xx 000 0 und d aeng aWest aPeople Analytics For Dummies  bWiley India cRS.b 799.00  b35 c41041d41041 00102ddc4070aIMTNbIMTNcRack 24-Bd2024-07-03eDr. Senthil Kumar Sg799.00l1o658.301 WESp33450r2025-10-09 00:00:00s2024-07-11t1v519.35w2024-07-03yBK